| 000 | 00529nam a2200145 a 4500 | ||
|---|---|---|---|
| 001 | 000031371 | ||
| 005 | 20200930062902.0 | ||
| 008 | 110620s19uu dr 000 0 spa d | ||
| 040 |
_aDO-SdBNP _bspa _cBNPHU |
||
| 100 | 1 |
_aPepper, José Vicente _99263 |
|
| 245 | 1 | 3 |
_aEl espíritu del rotary dentro de la concepción de la gloria en Bolívar / _cJosé Vicente Pepper. |
| 260 |
_aCiudad Trujillo, República Dominicana : _bClub Notario de Ciudad Trujillo, _c[195?] _fImprenta Arte y Cine |
||
| 300 |
_a20 p. ; _c22 cm. |
||
| 049 | _aBNPD | ||
| 999 |
_c30863 _d30863 |
||